[Event "AUT-chT Rapid"]
[Site "Pasching"]
[Date "2025.06.01"]
[Round "5.3"]
[White "Rodshtein, Maxim"]
[Black "Danielian, Elina"]
[Result "1-0"]
[WhiteElo "2645"]
[BlackElo "2403"]
[PlyCount "76"]
[EventDate "2025.06.01"]
[EventType "team-swiss (rapid)"]
[EventRounds "9"]
[EventCountry "AUT"]
[SourceTitle "CB23_2025"]
[SourceDate "2025.06.04"]
[SourceVersion "1"]
[SourceVersionDate "2025.06.04"]
[SourceQuality "1"]
[WhiteTeam "Linz ASV II"]
[BlackTeam "Pamhagen"]
[WhiteTeamCountry "AUT"]
[BlackTeamCountry "AUT"]

1. Nf3 Nf6 2. g3 c5 3. Bg2 Nc6 4. 0-0 e6 5. c4 Be7 6. d4 cxd4 7. Nxd4 0-0 8. Nc3 a6 9. Bf4 Nxd4 10. Qxd4 d6 11. Qd2 Qc7 12. Rac1 Rd8 13. Rfd1 Nh5 14. Be3 Bd7 15. a4 Kh8 16. b3 Rac8 17. Bd4 Nf6 18. h3 e5 19. Be3 Be6 20. g4 h6 21. Kh1 Qa5 22. Nd5 Qxd2 23. Rxd2 Bxd5 24. Bxd5 Nxd5 25. Rxd5 Kg8 26. Rcd1 Kf8 27. Bb6 Re8 28. Kg2 g6 29. a5 Kg7 30. e3 Kf6 31. f4 exf4 32. exf4 Ke6 33. Kf3 Bf8 34. Bf2 Red8 35. f5+ gxf5 36. Rxf5 Bg7 37. Rh5 Rh8 38. Be3 Rb8 1-0

[Event "AUT-chT Blitz"]
[Site "Pasching"]
[Date "2025.05.31"]
[Round "6.11"]
[White "Erdos, Viktor"]
[Black "Danielian, Elina"]
[Result "1-0"]
[WhiteElo "2542"]
[BlackElo "2403"]
[PlyCount "65"]
[EventDate "2025.05.31"]
[EventType "team-swiss (blitz)"]
[EventRounds "13"]
[EventCountry "AUT"]
[SourceTitle "CB23_2025"]
[SourceDate "2025.06.04"]
[SourceVersion "1"]
[SourceVersionDate "2025.06.04"]
[SourceQuality "1"]
[WhiteTeam "Pinggau Friedberg"]
[BlackTeam "Pamhagen"]
[WhiteTeamCountry "AUT"]
[BlackTeamCountry "AUT"]

1. d4 Nf6 2. c4 e6 3. Nc3 Bb4 4. e3 0-0 5. Bd3 d5 6. a3 Bxc3+ 7. bxc3 dxc4 8. Bxc4 c5 9. Ne2 Qc7 10. Bd3 b6 11. e4 Bb7 12. f3 Nc6 13. Bg5 cxd4 14. cxd4 Qd7 15. Bb5 a6 16. Ba4 b5 17. Bc2 Rac8 18. 0-0 Ne8 19. a4 Nd6 20. axb5 Nxb5 21. Ba4 f6 22. Be3 Rfd8 23. Bxb5 axb5 24. Qb3 Ne7 25. Nf4 Rc4 26. Nd3 Rdc8 27. Nc5 Qc6 28. Ra7 Rb8 29. Rfa1 Kf7 30. h3 h6 31. Rb1 Kf8 32. Qxb5 Qxb5 33. Rxb5 1-0

[Event "Wch Blitz (Women)"]
[Site "New York"]
[Date "2024.12.30"]
[Round "2"]
[White "Kairbekova, Amina"]
[Black "Danielian, Elina"]
[Result "0-1"]
[WhiteElo "2309"]
[BlackElo "2398"]
[PlyCount "66"]
[EventDate "2024.12.30"]
[EventType "swiss (blitz)"]
[EventRounds "11"]
[EventCountry "USA"]
[SourceTitle "CB01_2025"]
[SourceDate "2025.01.01"]
[SourceVersion "1"]
[SourceVersionDate "2025.01.01"]
[SourceQuality "1"]

1. e4 Nf6 2. e5 Nd5 3. d4 d6 4. Nf3 Nb6 5. c4 g6 6. Be3 Bg7 7. exd6 cxd6 8. Nc3 0-0 9. Rc1 Bg4 10. h3 Bxf3 11. Qxf3 Nc6 12. Qd1 d5 13. c5 Nc8 14. Bb5 e6 15. 0-0 N8e7 16. Ne2 Nf5 17. Qa4 Qc8 18. Bd3 Nxe3 19. fxe3 Qc7 20. Nf4 a6 21. b4 Rad8 22. Qb3 Bh6 23. Bb1 Nxd4 24. Qd3 Nc6 25. a3 d4 26. g3 dxe3 27. Qxe3 e5 28. Ba2 exf4 29. Qf3 Nd4 30. Qg4 Rfe8 31. Rc4 Ne2+ 32. Kg2 Rd2 33. Kf3 Qc6+ 0-1

[Event "Wch Blitz (Women)"]
[Site "New York"]
[Date "2024.12.30"]
[Round "8"]
[White "Lagno, Kateryna"]
[Black "Danielian, Elina"]
[Result "1-0"]
[WhiteElo "2515"]
[BlackElo "2398"]
[PlyCount "56"]
[EventDate "2024.12.30"]
[EventType "swiss (blitz)"]
[EventRounds "11"]
[EventCountry "USA"]
[SourceTitle "CB01_2025"]
[SourceDate "2025.01.01"]
[SourceVersion "1"]
[SourceVersionDate "2025.01.01"]
[SourceQuality "1"]

1. e4 d6 2. d4 Nf6 3. Bd3 c5 4. c3 a6 5. Nf3 g6 6. 0-0 Bg7 7. h3 0-0 8. Be3 Qc7 9. Nbd2 e6 10. a4 b6 11. b4 Nbd7 12. Qb3 Bb7 13. Rab1 Rab8 14. Bf4 e5 15. Be3 exd4 16. cxd4 Rfe8 17. Ng5 Nf8 18. Bc4 Re7 19. bxc5 bxc5 20. dxc5 h6 21. cxd6 Qxd6 22. Nxf7 Rxf7 23. Bxf7+ Kh7 24. Nc4 Qe7 25. Na5 Qxe4 26. Nxb7 N8d7 27. Rfd1 Ne5 28. Bd5 Nxd5 1-0

[Event "Wch Blitz (Women)"]
[Site "New York"]
[Date "2024.12.30"]
[Round "4"]
[White "Mamedjarova, Zeinab"]
[Black "Danielian, Elina"]
[Result "0-1"]
[WhiteElo "2145"]
[BlackElo "2398"]
[PlyCount "48"]
[EventDate "2024.12.30"]
[EventType "swiss (blitz)"]
[EventRounds "11"]
[EventCountry "USA"]
[SourceTitle "CB01_2025"]
[SourceDate "2025.01.01"]
[SourceVersion "1"]
[SourceVersionDate "2025.01.01"]
[SourceQuality "1"]

1. d4 d6 2. Nf3 g6 3. g3 Bg7 4. Bg2 Nd7 5. 0-0 e5 6. c3 Ngf6 7. Re1 0-0 8. e4 c6 9. Nbd2 Qc7 10. a4 a5 11. b3 exd4 12. cxd4 Re8 13. Ba3 Nf8 14. Rc1 Bg4 15. Qc2 Qd7 16. e5 dxe5 17. dxe5 Nd5 18. Nc4 Ne6 19. Nd6 Bxf3 20. Nxe8 Bxg2 21. Nxg7 Nd4 22. Qd3 Nf3+ 23. Kxg2 Nxe1+ 24. Rxe1 Nf4+ 0-1

[Event "Wch Rapid (Women)"]
[Site "New York"]
[Date "2024.12.28"]
[Round "9"]
[White "Muzychuk, Anna"]
[Black "Danielian, Elina"]
[Result "1-0"]
[WhiteElo "2408"]
[BlackElo "2301"]
[PlyCount "89"]
[EventDate "2024.12.26"]
[EventType "swiss (rapid)"]
[EventRounds "11"]
[EventCountry "USA"]
[SourceTitle "CB01_2025"]
[SourceDate "2025.01.01"]
[SourceVersion "1"]
[SourceVersionDate "2025.01.01"]
[SourceQuality "1"]

1. e4 d6 2. d4 Nf6 3. Nc3 g6 4. Be3 c6 5. h3 Nbd7 6. f4 b5 7. Bd3 e5 8. fxe5 dxe5 9. Nf3 exd4 10. Bxd4 Bg7 11. e5 Nh5 12. e6 Bxd4 13. exd7+ Bxd7 14. Qe2+ Be6 15. Nxd4 Qxd4 16. 0-0-0 Qf4+ 17. Qd2 0-0-0 18. Rhf1 Qxd2+ 19. Rxd2 f5 20. Re2 Rhe8 21. Re5 Kc7 22. g4 Ng7 23. Rf4 Bd7 24. Rxe8 Rxe8 25. Kd2 Re7 26. gxf5 Bxf5 27. Bxf5 Nxf5 28. Ne2 Kd6 29. a4 a6 30. axb5 axb5 31. c4 b4 32. Nc1 c5 33. Nd3 Re3 34. Nf2 Rb3 35. Nd3 Nd4 36. Rf7 Nc6 37. Rf6+ Kc7 38. Rf7+ Kd6 39. Rf6+ Kc7 40. Rf4 h5 41. Kc2 Na5 42. Rf7+ Kb6 43. Rf6+ Kc7 44. Rxg6 h4 45. Rh6 1-0

[Event "Wch Rapid (Women)"]
[Site "New York"]
[Date "2024.12.26"]
[Round "2"]
[White "Danielian, Elina"]
[Black "Serikbay, Assel"]
[Result "1-0"]
[WhiteElo "2301"]
[BlackElo "2121"]
[PlyCount "95"]
[EventDate "2024.12.26"]
[EventType "swiss (rapid)"]
[EventRounds "11"]
[EventCountry "USA"]
[SourceTitle "CB01_2025"]
[SourceDate "2025.01.01"]
[SourceVersion "1"]
[SourceVersionDate "2025.01.01"]
[SourceQuality "1"]

1. d4 d5 2. Nf3 e6 3. Bf4 c5 4. e3 Nc6 5. c3 Bd6 6. Bg3 Nf6 7. Nbd2 Qe7 8. Ne5 cxd4 9. exd4 Bxe5 10. dxe5 Nd7 11. f4 f6 12. exf6 Qxf6 13. Be2 Ne7 14. Qc2 0-0 15. 0-0 b6 16. Rae1 Nf5 17. Bf2 Bb7 18. Nf3 Rac8 19. Bb5 Nc5 20. Bxc5 Rxc5 21. Bd7 Kh8 22. Bxe6 Nd4 23. Nxd4 Qxd4+ 24. Qf2 Qf6 25. Re5 Ba6 26. Rfe1 Qxf4 27. Qxf4 Rxf4 28. Bxd5 Rf8 29. Bf3 Rxe5 30. Rxe5 Rd8 31. Re7 Bc4 32. b3 Bg8 33. Rxa7 g6 34. c4 Rd2 35. h3 Be6 36. Kh2 h5 37. Kg3 Rd4 38. Kf2 Bd7 39. Ke3 Rd6 40. Bd5 Kg7 41. h4 Kf6 42. Kd4 Kf5 43. a4 Be8 44. Ra6 Kg4 45. Ke5 Rd8 46. Rxb6 Kxh4 47. a5 Kg3 48. a6 1-0

[Event "Figueira da Foz op 18th"]
[Site "Figueira da Foz"]
[Date "2024.11.17"]
[Round "9"]
[White "Golecki, Jan"]
[Black "Danielian, Elina"]
[Result "1/2-1/2"]
[WhiteElo "2195"]
[BlackElo "2396"]
[PlyCount "67"]
[EventDate "2024.11.10"]
[EventType "swiss"]
[EventRounds "9"]
[EventCountry "POR"]
[SourceTitle "CB47_2024"]
[SourceDate "2024.11.20"]
[SourceVersion "1"]
[SourceVersionDate "2024.11.20"]
[SourceQuality "1"]

1. e4 d6 2. d4 Nf6 3. Nc3 g6 4. Bg5 c6 5. f4 Bg7 6. Qd2 b5 7. Bd3 Nbd7 8. Nf3 b4 9. Ne2 a5 10. e5 Nd5 11. exd6 N7f6 12. dxe7 Qxe7 13. Ne5 Qc7 14. a3 0-0 15. Bxf6 Bxf6 16. axb4 Nxb4 17. Be4 Rd8 18. c3 Nd5 19. 0-0 Ba6 20. Bd3 Bb7 21. b4 axb4 22. Rxa8 Rxa8 23. c4 Nc3 24. Nxc3 bxc3 25. Qxc3 Rd8 26. c5 Bc8 27. Bc4 Be6 28. Bxe6 fxe6 29. Qb3 Rxd4 30. Qxe6+ Kg7 31. Nxc6 Rd2 32. Kh1 Qxf4 33. Qe1 Qg5 34. Qg3 1/2-1/2

[Event "Figueira da Foz op 18th"]
[Site "Figueira da Foz"]
[Date "2024.11.14"]
[Round "6"]
[White "Danielian, Elina"]
[Black "Nagare, Akhilesh"]
[Result "1-0"]
[WhiteElo "2396"]
[BlackElo "2200"]
[PlyCount "81"]
[EventDate "2024.11.10"]
[EventType "swiss"]
[EventRounds "9"]
[EventCountry "POR"]
[SourceTitle "CB47_2024"]
[SourceDate "2024.11.20"]
[SourceVersion "1"]
[SourceVersionDate "2024.11.20"]
[SourceQuality "1"]

1. d4 Nf6 2. Nf3 g6 3. Bg5 Bg7 4. Nbd2 0-0 5. e4 d5 6. exd5 Qxd5 7. Bc4 Qd8 8. 0-0 c5 9. dxc5 Qc7 10. b4 a5 11. c3 Nc6 12. Qb3 a4 13. Qd1 h6 14. Bh4 Nh5 15. Rc1 Kh7 16. Re1 e5 17. Ne4 f5 18. Nd6 e4 19. Nd4 Ne5 20. Be6 Nf4 21. Bxc8 Raxc8 22. Nxc8 Qxc8 23. Be7 Rf7 24. Bd6 Nfd3 25. Qxa4 Nxc1 26. Rxc1 Nd3 27. Qb3 Rf6 28. Rd1 Bf8 29. Bxf8 Qxf8 30. Qd5 Qe7 31. Nb5 Rf7 32. Nd6 Rg7 33. g3 h5 34. f3 Qg5 35. Nc4 Re7 36. fxe4 Nf4 37. Qd8 fxe4 38. Rd7 Rxd7 39. Qxd7+ Kh6 40. Qd2 Nd3 41. Kf1 1-0

[Event "Karaganda Akim Cup (Women)"]
[Site "Karaganda"]
[Date "2024.08.28"]
[Round "2"]
[White "Danielian, Elina"]
[Black "Osmak, Iulija"]
[Result "0-1"]
[WhiteElo "2393"]
[BlackElo "2471"]
[PlyCount "146"]
[EventDate "2024.08.27"]
[EventType "tourn"]
[EventRounds "9"]
[EventCountry "KAZ"]
[EventCategory "3"]
[SourceTitle "EXT 2025"]
[Source "ChessBase"]
[SourceDate "2024.10.14"]
[SourceVersion "1"]
[SourceVersionDate "2024.10.14"]
[SourceQuality "1"]

1. d4 e6 2. c4 Nf6 3. Nc3 Bb4 4. Nf3 0-0 5. e3 d5 6. Bd3 dxc4 7. Bxc4 c5 8. 0-0 cxd4 9. exd4 b6 10. Bg5 h6 11. Bh4 Bb7 12. Qe2 Nbd7 13. Bb3 Bxc3 14. bxc3 Qc7 15. Rac1 Ne4 16. c4 Qf4 17. Rfd1 Rac8 18. a4 Ng5 19. Bxg5 hxg5 20. Qe3 Bxf3 21. gxf3 e5 22. a5 exd4 23. Qxf4 gxf4 24. axb6 axb6 25. Rxd4 Ne5 26. Kg2 Rc6 27. Rcd1 Rg6+ 28. Kh1 Rf6 29. Kg2 Rc8 30. Rd5 Ng6 31. Rd8+ Rxd8 32. Rxd8+ Nf8 33. Rc8 Rg6+ 34. Kf1 Rg5 35. Rb8 Rg6 36. Rc8 Rh6 37. Kg2 Rh5 38. Rb8 Rh6 39. Rc8 Rf6 40. Bc2 g6 41. Be4 Kg7 42. h4 Ne6 43. Bd5 Nc5 44. Rc7 Nd3 45. Rb7 Ne5 46. Re7 Rf5 47. Rb7 Rf6 48. Re7 Nd3 49. Rb7 Nb4 50. Be4 Rd6 51. Kh3 Kf8 52. h5 gxh5 53. Kh4 Rh6 54. Bd5 Nxd5 55. cxd5 Rd6 56. Kxh5 Rxd5+ 57. Kg4 b5 58. Kxf4 Kg7 59. Ke4 Rc5 60. f4 Kg6 61. Kf3 f5 62. Rb6+ Kf7 63. Kg3 Ke7 64. Kh4 Kd7 65. Kg5 Kc7 66. Re6 b4 67. Re7+ Kc6 68. Re1 Kb5 69. Re5 b3 70. Kxf5 b2 71. Ke6 b1Q 72. Rxc5+ Kxc5 73. f5 Qe4+ 0-1

[Event "EU-ch (Women) 24th"]
[Site "Rhodes"]
[Date "2024.04.20"]
[Round "2"]
[White "Danielian, Elina"]
[Black "Hakimifard, Ghazal"]
[Result "1/2-1/2"]
[WhiteElo "2397"]
[BlackElo "2253"]
[PlyCount "80"]
[EventDate "2024.04.19"]
[EventType "swiss"]
[EventRounds "10"]
[EventCountry "GRE"]
[SourceTitle "CBM 219 Extra"]
[Source "ChessBase"]
[SourceDate "2024.05.31"]
[SourceVersion "1"]
[SourceVersionDate "2024.05.31"]
[SourceQuality "1"]

1. d4 Nf6 2. c4 e6 3. Nc3 Bb4 4. Qc2 0-0 5. e4 d5 6. e5 Ne4 7. Bd3 c5 8. Nf3 cxd4 9. Nxd4 Nd7 10. Bf4 Qh4 11. g3 Qh5 12. 0-0 g5 13. cxd5 gxf4 14. Bxe4 Nxe5 15. dxe6 fxe6 16. Rfe1 Bc5 17. Rad1 fxg3 18. hxg3 Ng4 19. f3 e5 20. fxg4 Bxg4 21. Na4 Bxd4+ 22. Rxd4 exd4 23. Qc4+ Rf7 24. Bd5 Rd8 25. Nc3 Bf3 26. Bxf7+ Qxf7 27. Qxf7+ Kxf7 28. Rf1 dxc3 29. Rxf3+ Kg6 30. Rxc3 Rd1+ 31. Kg2 Rd2+ 32. Kh3 Rxb2 33. Rc7 a5 34. a4 Rb4 35. g4 Rxa4 36. Rxb7 Rb4 37. Ra7 a4 38. Kh4 h6 39. Ra6+ Kg7 40. Kh5 Rb5+ 1/2-1/2

[Event "AUT-chT (Women) 2324"]
[Site "Austria"]
[Date "2024.03.24"]
[Round "6.1"]
[White "Brunello, Marina"]
[Black "Danielian, Elina"]
[Result "1/2-1/2"]
[WhiteElo "2358"]
[BlackElo "2396"]
[PlyCount "85"]
[EventDate "2023.11.24"]
[EventType "team-tourn"]
[EventRounds "9"]
[EventCountry "AUT"]
[SourceTitle "CBM 219 Extra"]
[Source "ChessBase"]
[SourceDate "2024.05.31"]
[SourceVersion "1"]
[SourceVersionDate "2024.05.31"]
[SourceQuality "1"]
[WhiteTeam "Schach ohne Grenzen (W)"]
[BlackTeam "Pamhagen (W)"]
[WhiteTeamCountry "AUT"]
[BlackTeamCountry "AUT"]

1. e4 c5 2. Nf3 e6 3. d4 cxd4 4. Nxd4 Nf6 5. Nc3 Nc6 6. Ndb5 Bb4 7. a3 Bxc3+ 8. Nxc3 d5 9. exd5 exd5 10. Bd3 0-0 11. 0-0 d4 12. Ne4 Bf5 13. Bg5 Bxe4 14. Bxe4 h6 15. Bh4 g5 16. Bxc6 bxc6 17. Bg3 Qd5 18. Qd3 Ne4 19. Rad1 Rad8 20. Rfe1 Rfe8 21. Qa6 h5 22. Qxa7 Rd7 23. Qa6 h4 24. f3 hxg3 25. Rxe4 gxh2+ 26. Kxh2 Rxe4 27. fxe4 Qe5+ 28. Kg1 Rd6 29. Qc8+ Kg7 30. Qf5 Qxf5 31. exf5 Kf6 32. b4 Kxf5 33. a4 Ke4 34. Kf2 f5 35. a5 Rd7 36. Ke2 Re7 37. Ra1 Kd5+ 38. Kd3 Re3+ 39. Kd2 Kc4 40. a6 Re8 41. Ra5 Kxb4 42. Rxf5 Ra8 43. Rxg5 1/2-1/2

[Event "AUT-chT (Women) 2324"]
[Site "Austria"]
[Date "2024.03.22"]
[Round "4.1"]
[White "Danielian, Elina"]
[Black "Mihelic, Vesna"]
[Result "1-0"]
[WhiteElo "2396"]
[BlackElo "2140"]
[PlyCount "63"]
[EventDate "2023.11.24"]
[EventType "team-tourn"]
[EventRounds "9"]
[EventCountry "AUT"]
[SourceTitle "CBM 219 Extra"]
[Source "ChessBase"]
[SourceDate "2024.05.31"]
[SourceVersion "1"]
[SourceVersionDate "2024.05.31"]
[SourceQuality "1"]
[WhiteTeam "Pamhagen (W)"]
[BlackTeam "Feffernitz (W)"]
[WhiteTeamCountry "AUT"]
[BlackTeamCountry "AUT"]

1. Nf3 d5 2. e3 Nf6 3. c4 e6 4. b3 Be7 5. Bb2 0-0 6. Be2 b6 7. Nc3 Bb7 8. Qc2 Nbd7 9. d3 c5 10. Rg1 Ne8 11. g4 Nd6 12. g5 Nf5 13. cxd5 exd5 14. d4 g6 15. dxc5 Bxc5 16. 0-0-0 Rc8 17. Kb1 Qe7 18. Qd3 d4 19. Nxd4 Bxd4 20. exd4 Rxc3 21. Qxc3 Qxe2 22. d5 f6 23. Rge1 Qxf2 24. Qc7 Nc5 25. gxf6 Rc8 26. f7+ Kf8 27. Qe5 Kxf7 28. Qf6+ Kg8 29. Qh8+ Kf7 30. Qxh7+ Kf8 31. Qh8+ Kf7 32. Qf6+ 1-0

[Event "Wch Blitz (Women)"]
[Site "Samarkand"]
[Date "2023.12.30"]
[Round "10"]
[White "Narva, Mai"]
[Black "Danielian, Elina"]
[Result "1/2-1/2"]
[WhiteElo "2403"]
[BlackElo "2396"]
[PlyCount "134"]
[EventDate "2023.12.29"]
[EventType "swiss (blitz)"]
[EventRounds "17"]
[EventCountry "UZB"]
[SourceTitle "CBM 217 Extra"]
[Source "ChessBase"]
[SourceDate "2024.01.31"]
[SourceVersion "1"]
[SourceVersionDate "2024.01.31"]
[SourceQuality "1"]

1. e4 d6 2. d4 Nf6 3. Nc3 c6 4. f4 Qa5 5. e5 Ne4 6. Nf3 Nxc3 7. bxc3 Bg4 8. Bd2 e6 9. Rb1 Qc7 10. c4 dxe5 11. fxe5 c5 12. c3 Nc6 13. Be3 Rd8 14. Be2 cxd4 15. cxd4 Bb4+ 16. Kf2 0-0 17. Qb3 a5 18. Rhd1 Bxf3 19. Bxf3 f6 20. a3 fxe5 21. dxe5 Rxd1 22. Rxd1 Be7 23. Kg1 Nxe5 24. Be2 Bc5 25. h3 b6 26. Re1 h6 27. Bf1 Nf7 28. Bxc5 Qxc5+ 29. Kh1 Ng5 30. Be2 Qf2 31. Qd1 Ne4 32. Bf3 Ng3+ 33. Kh2 Nf5 34. Rxe6 Qg3+ 35. Kh1 Nh4 36. Bd5 Kh8 37. Re1 Nf5 38. Rf1 Qg5 39. Kh2 Qg3+ 40. Kh1 Qe5 41. Kg1 b5 42. Qf3 bxc4 43. Be4 Qc5+ 44. Kh2 Qe5+ 45. g3 Qb2+ 46. Rf2 Qe5 47. Bxf5 g6 48. Re2 Qxf5 49. Qc3+ Qf6 50. Qxc4 Rf7 51. Qb5 Qf3 52. Qe5+ Kh7 53. a4 h5 54. Rb2 Qa3 55. Qb5 Qc3 56. Qb3 Qf6 57. Re2 Qf3 58. Qxf3 Rxf3 59. Re5 h4 60. g4 Rf2+ 61. Kg1 Ra2 62. Rxa5 Kh6 63. Rb5 Rxa4 64. Kg2 Ra3 65. Rc5 Rg3+ 66. Kh2 Ra3 67. Kg2 Rg3+ 1/2-1/2

[Event "Wch Blitz (Women)"]
[Site "Samarkand"]
[Date "2023.12.29"]
[Round "9"]
[White "Danielian, Elina"]
[Black "Badelka, Olga"]
[Result "1-0"]
[WhiteElo "2396"]
[BlackElo "2395"]
[PlyCount "106"]
[EventDate "2023.12.29"]
[EventType "swiss (blitz)"]
[EventRounds "17"]
[EventCountry "UZB"]
[SourceTitle "CBM 217 Extra"]
[Source "ChessBase"]
[SourceDate "2024.01.31"]
[SourceVersion "1"]
[SourceVersionDate "2024.01.31"]
[SourceQuality "1"]

1. d4 d5 2. Nf3 Nf6 3. c4 e6 4. e3 Nbd7 5. a3 b6 6. Nc3 Bb7 7. Bd3 a6 8. 0-0 Bd6 9. b3 Qe7 10. Bb2 dxc4 11. Bxc4 0-0 12. Re1 c5 13. dxc5 Nxc5 14. b4 Nce4 15. Nxe4 Nxe4 16. Qd4 f6 17. Qd1 Kh8 18. Qb3 Rfe8 19. Red1 b5 20. Bd3 Rad8 21. Bd4 Bb8 22. Rac1 Rc8 23. Qb1 Rxc1 24. Rxc1 f5 25. h3 e5 26. Bb2 Rd8 27. Rd1 h6 28. Qa1 Re8 29. Qb1 Bc7 30. Rc1 Rd8 31. Qc2 Bb8 32. Qe2 Rc8 33. Rd1 Rd8 34. Bb1 Rc8 35. Ba2 Nf6 36. Qd2 Kh7 37. Qe2 Be4 38. Bb1 Bxb1 39. Rxb1 Ne4 40. Rd1 Qe6 41. Nd2 Nc3 42. Bxc3 Rxc3 43. e4 f4 44. Nf3 Ba7 45. Qd2 Rxa3 46. Rf1 Ra2 47. Qc3 Bb8 48. Nh4 Qc4 49. Qf3 Ba7 50. Qg4 Qxe4 51. Nf5 Qb7 52. h4 Qf7 53. h5 Bb8 1-0

[Event "Wch Blitz (Women)"]
[Site "Samarkand"]
[Date "2023.12.29"]
[Round "7"]
[White "Danielian, Elina"]
[Black "Guichard, Pauline"]
[Result "1-0"]
[WhiteElo "2396"]
[BlackElo "2386"]
[PlyCount "43"]
[EventDate "2023.12.29"]
[EventType "swiss (blitz)"]
[EventRounds "17"]
[EventCountry "UZB"]
[SourceTitle "CBM 217 Extra"]
[Source "ChessBase"]
[SourceDate "2024.01.31"]
[SourceVersion "1"]
[SourceVersionDate "2024.01.31"]
[SourceQuality "1"]

1. d4 Nf6 2. Bg5 d5 3. Bxf6 gxf6 4. e3 c5 5. c4 cxd4 6. exd4 e6 7. Nc3 dxc4 8. Bxc4 Bb4 9. Nf3 Rg8 10. 0-0 Bd7 11. Re1 Qc7 12. Qd3 Qf4 13. Nd5 Qh6 14. Nxb4 Kf8 15. g3 a5 16. Nc2 a4 17. Ne3 Ra5 18. d5 e5 19. Qa3+ Kg7 20. Qd6 Kh8 21. Nxe5 fxe5 22. Qxh6 1-0